Δημιουργία συστήματος ηλεκτρονικών ιατρικών φακέλων με χρήση έξυπνων καρτών : πτυχιακή εργασία

Στην ιατρική επιστήμη, όλο και περισσότερο διαπιστώνεται η ανάγκη για τη συγκέντρωση όσο το δυνατόν μεγαλύτερου όγκου πληροφοριών για την πληρέστερη εικόνα της υγείας ενός ασθενή. Έχει δημιουργηθεί, δηλαδή, η ανάγκη για εύκολη πρόσβαση στο σύνολο των δεδομένων ενός ιατρικού φακέλου, η επεξεργασία τω...

Πλήρης περιγραφή

Αποθηκεύτηκε σε:
Λεπτομέρειες βιβλιογραφικής εγγραφής
Κύριος συγγραφέας: Χατζηπαναγιώτης, Γιώργος
Συγγραφή απο Οργανισμό/Αρχή: Πανεπιστήμιο Αιγαίου. Σχολή Θετικών Επιστημών. Τμήμα Μηχανικών Πληροφοριακών και Επικοινωνιακών Συστημάτων
Μορφή: Thesis Βιβλίο
Γλώσσα:Greek
Δημοσίευση: 2009.
Θέματα:
Διαθέσιμο Online:http://hdl.handle.net/11610/8635
Ετικέτες: Προσθήκη ετικέτας
Δεν υπάρχουν, Καταχωρήστε ετικέτα πρώτοι!

MARC

LEADER 00000cam a2200000 i 4500
001 1/732
008 090731s2009 gr | ||| |||| ||gre||
035 |l 10105342 
040 |a GR-MyUa  |b gre  |e AACR2 
041 0 |a gre 
082 7 |a 610.285   |2 (22) 
100 1 |a Χατζηπαναγιώτης, Γιώργος. 
245 1 0 |a Δημιουργία συστήματος ηλεκτρονικών ιατρικών φακέλων με χρήση έξυπνων καρτών :   |b πτυχιακή εργασία /   |c του Γιώργου Χατζηπαναγιώτη ; επιβλέπων καθηγητής, Σπύρος Κοκολάκης.  
260 |c 2009.  
300 |a xiv, 168 σ. :   |b εγχρ. εικ., διαγρ. πιν. ;   |c 30 εκ.  
500 |a Μέλη της εξεταστικής επιτροπής: Κοκολάκης Σπύρος, Γκρίτζαλης Στέφανος, Λαμπρινουδάκης Κωνσταντίνος.  
502 |a Πτυχιακή εργασία – Πανεπιστήμιο Αιγαίου, Σάμος, 2009.  
504 |a Βιβλιογραφία: σ. 119-121.  
506 0 |a Διάθεση πλήρους κειμένου - Ελεύθερη πρόσβαση.  
520 8 |a Στην ιατρική επιστήμη, όλο και περισσότερο διαπιστώνεται η ανάγκη για τη συγκέντρωση όσο το δυνατόν μεγαλύτερου όγκου πληροφοριών για την πληρέστερη εικόνα της υγείας ενός ασθενή. Έχει δημιουργηθεί, δηλαδή, η ανάγκη για εύκολη πρόσβαση στο σύνολο των δεδομένων ενός ιατρικού φακέλου, η επεξεργασία των οποίων θα έχει ως αποτέλεσμα τη διεξαγωγή σωστών συμπερασμάτων σε ότι αφορά την εικόνα των παρελθόντων ιατρικών εξετάσεων και των μελλοντικών ενεργειών που αφορούν τον ασθενή. Το υλοποιημένο έργο με τίτλο «Δημιουργία Ηλεκτρονικών Ιατρικών Φακέλων με χρήση Έξυπνων Καρτών» αποτελεί ένα αυτοματοποιημένο σύστημα με σκοπό την καλύτερη και γρηγορότερη διάγνωση από τον γιατρό προς τον ασθενή. Μέσω των αυτοματοποιημένων διαδικασιών ο γιατρός θα μπορεί να ενημερώνεται για το ιατρικό ιστορικό του ασθενή με οπτικό - ακουστικό και έγγραφο υλικό και θα μπορεί να οδηγείται σε ακριβή συμπεράσματα για την υγεία του ασθενούς. Για την ανάλυση του συστήματος χρησιμοποιήθηκε η μεθοδολογία RUP (Rational Unified Process). Η μεθοδολογία RUP παρέχει μια πειθαρχημένη προσέγγιση όσον αφορά την ανάθεση καθηκόντων και ευθυνών μέσα σε μία οργάνωση. Ο στόχος της είναι να εξασφαλίσει την δημιουργία λογισμικού υψηλής ποιότητας, το οποίο να ικανοποιεί τις ανάγκες των τελικών χρηστών του, μέσα στα πλαίσια του προβλεπόμενου χρονοδιαγράμματος και προπολογισμού. Η υλοποίηση του έργου αποτελείται από τέσσερις φάσεις. Στην πρώτη «Φάση Σύλληψης Πληροφοριών (Inception Phase)», στη δεύτερη «Επεξεργασία (Elaboration Phase)», στην τρίτη «Κατασκευή (Construction Phase)» και τέλος στην τέταρτη «Μετάβαση (Transition Phase) ».  
610 2 0 |a University of the Aegean  |x Dissertations. 
650 0 0 |a Medicine  |x Data processing. 
650 0 0 |a Dissertations, Academic  |z Greece. 
700 1 |a Κοκολάκης, Σπύρος,  |e dgs 
710 2 |a Πανεπιστήμιο Αιγαίου.   |b Σχολή Θετικών Επιστημών.   |b Τμήμα Μηχανικών Πληροφοριακών και Επικοινωνιακών Συστημάτων. 
852 |a INST  |b SAMOS  |c DIATR  |e 20090731  |h 610.285 ΧΑΤ  |p 005300031220  |q 005300031220  |t DIE  |y 23 
852 |a INST  |b SAMOS  |c DIATR  |e 20090731  |h 610.285 ΧΑΤ  |p 005300031221  |q 005300031221  |t DIE  |y 23 
856 |u http://hdl.handle.net/11610/8635 
901 |a BIBL3-2009-2 
924 |a Χατζηπαναγιώτης  |b Γιώργος  |y Σάμος  |z 2009-07 
970 |a ΚΟΣΙΕΡΗΣ  |b ΧΡΗΣΤΟΣ  |z 2009/07/31